1280 1095 1594 1949 1561 1827 1682 1859 1423 1072 1563 1441 1979 1648 1821 1087 1139 1167 1869 1112 1580 1659 1742 1959 2000 1473 1748 1940 1903 1770 1380 1825 1039 1252 1108 1337 1303 1951 1512 1209 1940 1074 1597 1413 1601 1223 1040 1500 1039 1988 1117 1836 1321 1466 1695 1344 1358 1322 1432 1455 1919 1014 1726 1038 1267 1914 1351 1807 1535 1505 1948 1866 1268 1260 1923 1734 1393 1801 1262 1885 1865 1915 1546 1889 1995 1312 1243 1247 1365 1212 1222 1129 1694 1734 1769 1486 1416 1850 1122 BCNSPRNW ULIB Ver.6.0+V

เปลี่ยนเป็นภาษาไทย

Change to English
 แสดงรายละเอียดบรรณานุกรม
  กลับหน้าหลัก

Brief Record : Get Marc (ISO 2709) : E-mail record : QR code < ปิดหน้าต่าง
LEADER : 00000nam 2200000uu 4500
001    13399128447
003     ULIB
008    230828s2564||||th 000 0 tha d
020    ^a9786164684720
060 04 ^aWY86^bว528ข
100 0  ^aวิจิตรา กุสุมภ์
245 10 ^aข้อวินิจฉัยการพยาบาลและการวางแผนการพยาบาล =^bNursing diagnosisand nursing care plans /^cวิจิตรา กุสุมภ์ และ สุลี ทองวิเชียร
246 31 ^aNursing diagnosis and nursing care plans
250    ^aพิมพ์ครั้งที่ 2
260    ^aกรุงเทพฯ :^bพี.เค.เค พริ้นท์ติ้ง,^c2564
300    ^a305 หน้า ;^c21 ซม.
650  4 ^aกระบวนการพยาบาล
650  4 ^aการพยาบาล, การวินิจฉัย
650  4 ^aการวินิจฉัยทางการพยาบาล
700 0  ^aสุลี ทองวิเชียร
945    ^p180^l0^i29642
945    ^p180^l0^i29643
945    ^p180^l0^i29644
945    ^p180^l0^i29645
945    ^p180^l0^i29646
945    ^p180^l0^i30198
945    ^p180^l0^i30199
945    ^p180^l0^i30200
999    ^aกัณชพร จุลอักษร
รายการนี้ยังไม่มีแท็ก
คุณยังไม่ได้ล็อกอิน คุณสามารถมีกิจกรรมร่วมกับเว็บไซต์ได้ แต่ต้องล็อกอินก่อน ::
  ล็อกอิน

รายการสื่อสารสนเทศ

ลำดับที่ ประเภท เลขเรียก/บาร์โค้ด สถานที่ สถานะ
1. หนังสือสำรอง
หนังสือสำรอง
WY86 ว528ข ฉ.1 
  Barcode: 29642
ห้องสมุดวิทยาเขตนครสวรรค์
►หนังสือทั่วไป:l:General Books
ถูกยืม กำหนดส่งวันที่ 4 มิถุนายน 2569
  จอง
2. วิทยาศาสตร์การแพทย์ และสุขภาพ
วิทยาศาสตร์การแพทย์ และสุขภาพ
WY86 ว528ข ฉ.2 
  Barcode: 29643
ห้องสมุดวิทยาเขตนครสวรรค์
►หนังสือทั่วไป:l:General Books
ถูกยืม กำหนดส่งวันที่ 4 มิถุนายน 2569
  จอง
3. วิทยาศาสตร์การแพทย์ และสุขภาพ
วิทยาศาสตร์การแพทย์ และสุขภาพ
WY86 ว528ข ฉ.3 
  Barcode: 29644
ห้องสมุดวิทยาเขตนครสวรรค์
►หนังสือทั่วไป:l:General Books
ถูกยืม กำหนดส่งวันที่ 4 มิถุนายน 2569
  จอง
4. วิทยาศาสตร์การแพทย์ และสุขภาพ
วิทยาศาสตร์การแพทย์ และสุขภาพ
WY86 ว528ข ฉ.4 
  Barcode: 29645
ห้องสมุดวิทยาเขตนครสวรรค์
►หนังสือทั่วไป:l:General Books
ถูกยืม กำหนดส่งวันที่ 4 มิถุนายน 2569
  จอง
5. วิทยาศาสตร์การแพทย์ และสุขภาพ
วิทยาศาสตร์การแพทย์ และสุขภาพ
WY86 ว528ข ฉ.5 
  Barcode: 29646
ห้องสมุดวิทยาเขตนครสวรรค์
►หนังสือทั่วไป:l:General Books
ถูกยืม กำหนดส่งวันที่ 4 มิถุนายน 2569
  จอง
6. วิทยาศาสตร์การแพทย์ และสุขภาพ
วิทยาศาสตร์การแพทย์ และสุขภาพ
WY86 ว528ข ฉ.6 
  Barcode: 30198
ห้องสมุดวิทยาเขตนครสวรรค์
►หนังสือทั่วไป:l:General Books
ถูกยืม กำหนดส่งวันที่ 4 มิถุนายน 2569
  จอง
7. วิทยาศาสตร์การแพทย์ และสุขภาพ
วิทยาศาสตร์การแพทย์ และสุขภาพ
WY86 ว528ข ฉ.7 
  Barcode: 30199
ห้องสมุดวิทยาเขตนครสวรรค์
►หนังสือทั่วไป:l:General Books
ถูกยืม กำหนดส่งวันที่ 4 มิถุนายน 2569
  จอง
8. วิทยาศาสตร์การแพทย์ และสุขภาพ
วิทยาศาสตร์การแพทย์ และสุขภาพ
WY86 ว528ข ฉ.8 
  Barcode: 30200
ห้องสมุดวิทยาเขตนครสวรรค์
►หนังสือทั่วไป:l:General Books
ถูกยืม กำหนดส่งวันที่ 4 มิถุนายน 2569
  จอง

รายการใกล้เคียง
    ผู้แต่ง [วิจิตรา กุสุมภ์]

    หัวเรื่อง [กระบวนการพยาบาล]
    หัวเรื่อง [การพยาบาล, การวินิจฉัย]
    หัวเรื่อง [การวินิจฉัยทางการพยาบาล]

BibComment


ยังไม่เคยถูกคอมเมนท์

คอมเมนท์ทรัพยากรรายการนี้
  คอมเมนท์: ข้อวินิจฉัยการพย..


 Copyright 2026. Bcnsprnw @Library